The Life of Harry Potter - Statistics

General Stats
  • This quiz has been taken 57 times
  • The average score is 26 of 35
Answer Stats
Question Answer % Correct
Who is his wife? Ginny Weasley
93%
Who is his best friend (girl)? Hermione Granger
93%
Who is his best friend (boy)? Ron Weasley
93%
Who is his first known girlfriend? Cho Chang
91%
In which Hogwarts house is he? Gryffindor
91%
Who is his father? James Potter
91%
Who is his mother? Lily Potter
91%
Who is his godfather? Sirius Black
91%
Who is his foster father? Vernon Dursley
91%
Who is his cousin? Dudley Dursley
88%
What is his owl's name? Hedwig
88%
Who is his foster mother? Petunia Dursley
88%
Who was his third Defense Against the Dark Arts teacher? Remus Lupin
88%
Who was his second Defense Against the Dark Arts teacher? Gilderoy Lockhart
86%
Who is his second child (with middle name)? Albus Severus Potter
84%
What is his Patronus? A Stag
84%
Who is his first child (with middle name)? James Sirius Potter
79%
Who is his third child (with middle name)? Lily Luna Potter
77%
What strange language does he speak? Parseltongue
77%
Again... Severus Snape
77%
You get the point now, don't you? Alastor "Mad-Eye" Moody
74%
Just continue... Dolores Umbridge
74%
What is his favourite spell? Expelliarmus
74%
What is his blood status? Half-blood
74%
What was the first spell he learned? Wingardium Leviosa
72%
When was he born(DD/MM/YYYY)? 31/07/1980
70%
Who is his biggest fan? Colin Creevey
67%
How old was he in months when Lord Voldemort attacked him for the first time? 15
63%
Annnnnnnnnd the last one! Amycus Carrow
63%
who is his ghostly friend? Sir Nicholas de Mimsy-Porpington
58%
In book 1 what did he set on his cousin? A boa that has never seen Brazil
53%
Who is his favourite teacher? Rubeus Hagrid
51%
Who was his first Defense Against the Dark Arts teacher? Quirinus Quirell
47%
What is his oldest known ancestor? Ignotus Peverell
42%
Where does he live? (Not Hogwarts) 4, Privet Drive, Little Whinging, Surrey
21%
No matching quizzes found
Score Distribution
Percent of People with Each Score
Percentile by Number Answered
Your Score History
You have not taken this quiz